LEADER 01015nam a2200277 u 4500 001 000000054060 003 CaOOAMICUS 005 20070226115630.0 008 001128s1957 it u000 u ita u 035 $a10862603 040 $aPUL(R)$bita 041 0 $aita$hfre 100 1 $aFoulquié, Paul.$0(OLS)http://pul/name/38432 240 10$aExistentialisme.$lItaliano.$0(OLS)http://pul/title/72520 245 12$aL'esistenzialismo /$cPaul Foulquié. 260 $aMilano :$bGarzanti,$c1957. 300 $a110 p. ;$c18 cm 490 1 $aSerie saper tutto 650 4$aEsistenzialismo.$0(OLS)http://pul/subject/1923 830 0$aSaper tutto.$0(OLS)http://pul/title/18144 850 $aPUL 852 $aPUL$W1$xDP1 Fondo Giannini$y60$m1556 E 35$j71254$nBK-PRI$b $qFondi$B71254$CPULBib$Z2$F71254 $H $81 941 1 $a1 961 $aINV: F: Giannini 996 $6245$aL'esistenzialismo$9(OLS)http://pul/title/72521 996 $6260$aMilano :$bGarzanti$9(OLS)http://pul/publisher/49146 LEADER 01350nam a2200337 u 4500 001 000000064422 003 CaOOAMICUS 005 20080227125015.0 008 011119s1997 it u000 u ita u 020 $a8842804304 035 $a10910399 040 $aPUL(R)$bita 041 1 $aita$hfre 100 1 $aTouraine, Alain.$0(OLS)http://pul/name/31895 240 10$aCritique de la modernité.$lItaliano.$0(OLS)http://pul/title/85840 245 10$aCritica della modernità /$cAlain Touraine ; traduzione di Francesco Sircana. 260 $aMilano :$bIl Saggiatore,$c1997. 300 $a447 p. ;$c24 cm 490 1 $aQuality paperback ;$v52 500 $aContiene indice. 504 $aBibliografia in nota. 650 4$aFilosofia moderna$xCritica e interpretazione.$0(OLS)http://pul/subject/5129 700 1 $aSircana, Francesco.$0(OLS)http://pul/name/43539 830 0$aQuality paperback (EST) ;$v52.$0(OLS)http://pul/title/74624 850 $aPUL 852 $aPUL$W1$xSL Filosofia 1$y2$m84 L 86$j83503$nBK-PRI$b $qStampati$B83503$CPULBib$Z2$F83503 $H $81 941 1 $a8 961 $aINV: 77679 996 $6020$a8842804304$9(OLS)http://pul/number/83631 996 $6245$aCritica della modernità$9(OLS)http://pul/title/85841 996 $6260$aMilano :$bIl Saggiatore$9(OLS)http://pul/publisher/49408